|
|
|
|
| LEADER |
01557nam a2200397Ia 4500 |
| 001 |
EBC3445571 |
| 003 |
MiAaPQ |
| 005 |
20200520144314.0 |
| 006 |
m o d | |
| 007 |
cr cn||||||||| |
| 008 |
080201s2008 ne a smb 000 0 eng d |
| 020 |
|
|
|z 9086860648 (pbk.)
|
| 020 |
|
|
|z 9789086860647 (pbk.)
|
| 020 |
|
|
|z 9789086866342
|
| 035 |
|
|
|a (MiAaPQ)EBC3445571
|
| 035 |
|
|
|a (Au-PeEL)EBL3445571
|
| 035 |
|
|
|a (CaPaEBR)ebr10686740
|
| 035 |
|
|
|a (OCoLC)608490060
|
| 040 |
|
|
|a MiAaPQ
|c MiAaPQ
|d MiAaPQ
|
| 050 |
|
4 |
|a RA643.86.U33
|b K37 2008
|
| 100 |
1 |
|
|a Karuhanga Beraho, Monica.
|
| 245 |
1 |
0 |
|a Living with AIDS in Uganda
|h [electronic resource] :
|b impacts on banana-farming households in two districts /
|c Monica Karuhanga Beraho.
|
| 260 |
|
|
|a Wageningen, The Netherlands :
|b Wageningen Academic Publishers,
|c 2008.
|
| 300 |
|
|
|a 371 p. :
|b ill.
|
| 490 |
1 |
|
|a AWLAE series,
|x 1574-2474 ;
|v no. 6
|
| 500 |
|
|
|a Dissertation.
|
| 504 |
|
|
|a Includes bibliographical references (p. 341-359).
|
| 533 |
|
|
|a Electronic reproduction. Ann Arbor, MI : ProQuest, 2015. Available via World Wide Web. Access may be limited to ProQuest affiliated libraries.
|
| 650 |
|
0 |
|a AIDS (Disease)
|x Economic aspects
|z Uganda.
|
| 650 |
|
0 |
|a AIDS (Disease)
|x Social aspects
|z Uganda.
|
| 651 |
|
0 |
|a Uganda
|x Economic conditions.
|
| 651 |
|
0 |
|a Uganda
|x Social conditions.
|
| 655 |
|
4 |
|a Electronic books.
|
| 710 |
2 |
|
|a ProQuest (Firm)
|
| 830 |
|
0 |
|a AWLAE series ;
|v no. 6.
|
| 856 |
4 |
0 |
|u https://ebookcentral.proquest.com/lib/matrademy/detail.action?docID=3445571
|z Click to View
|